| 000 | 00949nam a2200313 a 4500 | ||
|---|---|---|---|
| 001 | vtls000305730 | ||
| 003 | NLI | ||
| 005 | 20210602133814.0 | ||
| 008 | 101203s1979 enkfa 001 0beng | ||
| 020 |
_a046003166X : _cPND 15.00 |
||
| 039 | 9 |
_y201012032048 _zVLOAD |
|
| 040 |
_aNLI _beng _cRetro_DSC 1 _eAACR2 |
||
| 041 | 0 | _aeng | |
| 044 | _aenk | ||
| 082 | 0 | 4 | _a92 |
| 100 | 1 |
_aWatson, Derek, _d1948- _9264267 |
|
| 245 | 1 | 0 |
_aRichard Wagner : _ba biography / _cDerek Watson |
| 260 |
_aLondon : _bJ. M. Dent, _c1979 |
||
| 300 |
_a352 p., [16] leaves of plates : _bill. ; _c24 cm. |
||
| 500 | _aGlossary : p. 321-334 | ||
| 504 | _aIncludes bibliographical references and index | ||
| 600 | 1 | 0 |
_aWagner, Richard, _d1813-1883 |
| 650 | 0 |
_aComposers _zGermany _xBiography _9258730 |
|
| 887 | _a | ||
| 901 |
_a457463 _b19.02.1980 |
||
| 902 | _aE/O 92 W 125 | ||
| 949 |
_AVIRTUAITEM _D10000 _X100 _6PUR000457463ENG |
||
| 942 |
_2ddc _cBKS |
||
| 999 |
_aVIRTUA40 _c262000 _d262000 |
||